| 000 | 00516nam a2200193 4500 | ||
|---|---|---|---|
| 005 | 20250806152038.0 | ||
| 010 | _aENG-146403 | ||
| 020 |
_a9789349042636 _c99.00 |
||
| 035 | _aEN-129935 | ||
| 037 | _bDBAD | ||
| 082 | _a155.2 | ||
| 100 |
_aAllen, James _983890 |
||
| 245 |
_aAs a Man Thinketh/ _cJames Allen |
||
| 250 | _a1 | ||
| 260 |
_aChandigarh _bThe Browser _c2025 |
||
| 270 |
_aSCO-14,15, Sector 8-C _bChandigarh _e160009 |
||
| 300 |
_a30p. _c20cm(pb) |
||
| 942 |
_2ddc _cEN _h155.2 _mALL |
||
| 999 |
_c212912 _d212912 |
||